[Event "Carlos Torre Memorial op 18th"]
[Site "Merida"]
[Date "2005.12.18"]
[Round "5"]
[White "Guerrero Rodriguez, Alejandra"]
[Black "Villalva, Velasquez Ander"]
[Result "0-1"]
[WhiteElo "2114"]
[BlackElo "2206"]
[PlyCount "138"]
[EventDate "2005.12.15"]
[EventType "swiss"]
[EventRounds "9"]
[EventCountry "MEX"]
[SourceTitle "EXT 2007"]
[Source "ChessBase"]
[SourceDate "2006.11.23"]
[SourceVersion "1"]
[SourceVersionDate "2006.11.23"]
[SourceQuality "1"]

1. e4 c5 2. c3 Nf6 3. e5 Nd5 4. d4 cxd4 5. Nf3 e6 6. Bc4 Nb6 7. Bb3 Nc6 8. 0-0 d6 9. exd6 Bxd6 10. cxd4 0-0 11. Nc3 Nb4 12. a3 N4d5 13. Bc2 Nf4 14. Ne4 Nbd5 15. g3 Ng6 16. Nfg5 Nf6 17. Be3 Be7 18. h4 Nxe4 19. Bxe4 f5 20. Bc2 h6 21. Nh3 Bf6 22. Qh5 Ne7 23. Rad1 Qe8 24. Qxe8 Rxe8 25. Bb3 Nd5 26. Bxd5 exd5 27. Nf4 Be6 28. Rc1 Bf7 29. Rc7 Re7 30. Rfc1 Rae8 31. Rxe7 Rxe7 32. Rc8+ Kh7 33. Rf8 Bg8 34. Nh5 Rf7 35. Re8 g6 36. Nf4 Re7 37. Ra8 Bf7 38. Rxa7 g5 39. hxg5 hxg5 40. Nd3 Kg6 41. Nc5 f4 42. gxf4 gxf4 43. Bxf4 Bxd4 44. b4 Be8 45. Bd6 Rf7 46. Ra8 Bxf2+ 47. Kg2 Bc6 48. Rg8+ Kh7 49. Rf8 d4+ 50. Kf1 Bb5+ 51. Kg2 Rxf8 52. Bxf8 Be1 53. Ne4 d3 54. a4 Bc4 55. Bc5 d2 56. Nc3 Be2 57. a5 d1Q 58. Nxd1 Bxd1 59. Kf1 Bd2 60. Kf2 Kg6 61. Bf8 Kf5 62. Be7 Ke6 63. Bf8 Kd5 64. Be7 Kc4 65. a6 bxa6 66. Kf1 Bxb4 67. Bxb4 Kxb4 68. Ke1 Bc2 69. Kd2 Kb3 0-1

[Event "Carlos Torre Memorial op 18th"]
[Site "Merida"]
[Date "2005.12.17"]
[Round "4"]
[White "Villalva, Velasquez Ander"]
[Black "Arreguin Hernandez, Alan Guillermo"]
[Result "1/2-1/2"]
[WhiteElo "2206"]
[BlackElo "1988"]
[PlyCount "56"]
[EventDate "2005.12.15"]
[EventType "swiss"]
[EventRounds "9"]
[EventCountry "MEX"]
[SourceTitle "EXT 2007"]
[Source "ChessBase"]
[SourceDate "2006.11.23"]
[SourceVersion "1"]
[SourceVersionDate "2006.11.23"]
[SourceQuality "1"]

1. d4 d5 2. Nf3 Nf6 3. c4 e6 4. Nc3 Nbd7 5. Bg5 Bb4 6. e3 c5 7. cxd5 exd5 8. dxc5 Qa5 9. Bxf6 Nxf6 10. Nd2 Bxc3 11. bxc3 Qxc3 12. Rc1 Qa5 13. Qc2 Ne4 14. f3 Nxd2 15. Qxd2 Qxd2+ 16. Kxd2 Bd7 17. Rb1 0-0-0 18. Bb5 Kc7 19. a4 Bc6 20. Rb4 Rhe8 21. Rhb1 Re7 22. a5 Bxb5 23. Rxb5 Kc6 24. a6 bxa6 25. Ra5 Rde8 26. Rxa6+ Kxc5 27. Ra5+ Kd6 28. Ra6+ Kc5 1/2-1/2

[Event "Los Inmortales op"]
[Site "Los Inmortales"]
[Date "2004.11.??"]
[Round "6"]
[White "Lucky, David N"]
[Black "Villalva, Velasquez Ander"]
[Result "1-0"]
[WhiteElo "2335"]
[BlackElo "2082"]
[PlyCount "49"]
[EventDate "2004.11.22"]
[EventType "swiss"]
[EventRounds "9"]
[EventCountry "DOM"]
[SourceTitle "CBM 103 Extra"]
[Source "ChessBase"]
[SourceDate "2005.01.01"]
[SourceVersion "1"]
[SourceVersionDate "2005.01.01"]
[SourceQuality "1"]

1. e4 c5 2. Nf3 Nc6 3. c3 Nf6 4. e5 Nd5 5. d4 cxd4 6. cxd4 e6 7. Nc3 d6 8. Bd3 dxe5 9. dxe5 Nxc3 10. bxc3 Qa5 11. 0-0 Nxe5 12. Nxe5 Qxe5 13. Re1 Qc7 14. Rb1 Bd6 15. Qh5 h6 16. Bb5+ Kf8 17. Be3 Kg8 18. Red1 g6 19. Qh4 Be7 20. Qe4 e5 21. Bd7 Bxd7 22. Rxd7 Qc6 23. Qxc6 bxc6 24. Rxe7 Kg7 25. Rxe5 1-0